000
00309nam a22001337a 4500
008
170609b xxu||||| |||| 00| 0 eng d
020
_a
9780393935349
041
_a
eng
080
_2
4TH
_a
32
100
_a
19
101
_a
SHP
245
_a
ESENTIAL READINGS IN WORLD POLITICS
_c
MINGST,K.A
942
_2
udc
_c
BK
999
_c
16765
_d
16765